| 000 | 00348nam a2200145Ia 4500 | ||
|---|---|---|---|
| 008 | 230312s9999||||xx |||||||||||||| ||und|| | ||
| 020 | _a1337102121 | ||
| 082 |
_a005.276 _bZAK-P |
||
| 100 | _aPetroutsos,Evangelos | ||
| 245 | 0 | _aVisual Basic.Net | |
| 260 |
_bCengage _aUSA _c2018 |
||
| 300 | _a682 | ||
| 650 |
_aComputer _vProgramming |
||
| 942 | _cBK | ||
| 999 |
_c16095 _d16095 |
||